00728nam a2200241Ia 4500001000600000003000900006008004100015040001300056040001300069041001300082100001900095100002900114245005100143245003900194250001100233260001000244260002100254260004900275300005700324500005000381650002400431650003100455B3333IT-RoPAU130308s9999 xx 000 0 und d aIT-RoPAU cIT-RoPAU aFRANCESE aOlivetti Marco gCodice Aut. SPICS: 27060 aProbleme de la secularisation inepuisable (Le) bHermeneutique de la Secularisation a1a ed. aPARIS bAubier Montaigne c1976 [1° Ed.:1976 - Ed.Ling.Originale:1976] a"14 p. (prefazione: no ; testo: 14 [pagine: 73-86])" aProblema della Secolarizzazione Inesauribile. aPASTORALE E CULTURE eCodice materia Spics: 9302